| 000 | 00360nam a2200133Ia 4500 | ||
|---|---|---|---|
| 008 | 220217s9999||||xx |||||||||||||| ||und|| | ||
| 082 | _a005.1 RED | ||
| 100 | _aReddy, Padma A.M | ||
| 245 | 0 | _aDesign and analysis of algorithms | |
| 250 | _a7th Revise | ||
| 260 |
_aNandhi publications _bBangalore _c2012 |
||
| 300 | _b240 | ||
| 650 | _aCOMPUTER PROGRAMS | ||
| 999 |
_c183407 _d183407 |
||